Тегеранская конференция руководителей трех союзных держав -СССР, США, Велико британии (28 ноября - 1 дек. 1943 г.) (Запис № 314993)

МАРК-запис
000 -Лідер
fixed length control field 00672nam a22002297a 4500
003 - Ідентифікатор контрольного номера
control field UA-OsUOA
001 - Контрольний номер
control field 28624
007 - Фіксоване поле фізичного опису
fixed length control field ta
008 - Елементи даних фіксованої довжини – загальна інформація
fixed length control field 20050414b un ||||| |||| 00| 0 ukr d
090 ## - Локальний шифр розміщення
Класифікаційний індекс УДК 94(47+57)
Авторський знак (НП) С56
040 ## - Джерело каталогізації
Агенція оригінальної каталогізації UA-OsUOA
Мова каталогізації rus
Агенція, яка здійснювала перезапис UA-OsUOA
Агенція, яка здійснювала модифікацію UA-OsUOA
041 ## - Код мови
Код мови тексту/ звукової доріжки чи окремого заголовка (П) rus
080 ## - Індекс Універсальної десяткової класифікації
Індекс Універсальної десяткової класифікації (УДК) (НП) 94(47+57)
044 ## - Код країни видавця/ виробника
Код країни видавця/ виробника (П) RU
245 ## - Відомості про назву
Назва (НП) Тегеранская конференция руководителей трех союзных держав -СССР, США, Велико британии (28 ноября - 1 дек. 1943 г.)
260 ## - Публікація, розповсюдження і т.п. (Вихідні дані)
Дата публікації, розповсюдження і т.п. (П) 1978
300 ## - Фізичний опис
Обсяг 198 с.
Інші фізичні характеристики (НП) Ілюстрації
650 #7 - Додаткове предметне введення – тематичний термін
Джерело заголовка чи терміна UDC
942 ## - Додаткові елементи входу (Коха)
Тип елемента Koha Книги
955 ## - Код типу видання за змістом
Код типу видання за змістом (НП) інше
Фонди
Стан вилучень Стан втрат Джерело класифікації або схеми стелажів Стан уражень Не для кредиту Постійне місце розташування Поточне розміщення Дата придбання Інвентарний номер Усього замовленно Повний номер виклику Штрих-код Дата останнього перегляду Ціна ефективна від Тип елемента Koha
    Universal Decimal Classification     АБ - Абонемент НБ АБ - Абонемент НБ 11/09/2012 28121   94(47+57) С56 28121 26/01/2022 14/04/2005 Книги
    Universal Decimal Classification     ЧЗ - Читальна зала ЧЗ - Читальна зала 14/04/2005 90398   94(47+57) С56 90398 07/02/2022 14/04/2005 Книги